Rock & Roll Hall of Fame - Statistics

General Stats
  • This quiz has been taken 89 times
  • The average score is 10 of 22
Answers on the Grid
Answers color-coded by a green-red scale on the quiz's grid according to % correct below.
ABBA
Supertramp
Grateful Dead
Pat Benatar
Mariah Carey
Joe Cocker
The Yardbirds
Def Leppard
Sex Pistols
Hall & Oates
Heart
The Ramones
Frank Zappa
The Commodores
The Bee Gees
Tom Waits
Chicago
Amy Winehouse
Red Hot Chili Peppers
Nine Inch Nails
Boston
Percy Sledge
The Knack
Elvis Costello
Cher
Jay Z
Depeche Mode
Tears for Fears
Doobie Brothers
Duran Duran
 
Answer Stats
Answer % Correct
ABBA
78%
Grateful Dead
59%
Def Leppard
53%
Hall & Oates
53%
Pat Benatar
47%
Red Hot Chili Peppers
47%
The Bee Gees
47%
The Ramones
47%
Sex Pistols
45%
The Yardbirds
45%
Chicago
44%
Frank Zappa
42%
Heart
42%
Depeche Mode
41%
Duran Duran
41%
Cher
38%
Doobie Brothers
38%
Elvis Costello
38%
Jay Z
36%
Nine Inch Nails
36%
Percy Sledge
31%
Tom Waits
23%
No matching quizzes found
Score Distribution
Percent of People with Each Score
Percentile by Number Answered
Your Score History
You have not taken this quiz